| 000 | 00609nam a22001457a 4500 | ||
|---|---|---|---|
| 020 | _a978-81-859260-50 | ||
| 082 |
_a823 _bNAR/F |
||
| 100 | _aNARAYAN, R.K | ||
| 245 | _aTHE FINANCIAL EXPERT | ||
| 260 |
_aCHENNAI _bINDIAN THOUGHT PUBLICATIONS _c2010 |
||
| 300 | _a217 | ||
| 520 | _aThe Financial Expert tells the story of the rise and fall of Margayya. The theme of the novel is lust for money. But Margayya is no monster of greed and wickedness. In his depiction of Margayya, Narayan humanises him and shows that despite his lust for money, he is still a human being. | ||
| 650 |
_aNOVEL _zINDIA |
||
| 942 | _cBK | ||
| 999 |
_c3633 _d3633 |
||